=LDR 00000nam 2200000 4500 =001 NUTBA000000000000523 =005 20170407102341.0 =006 =007 =008 =035 ##$$0010-031400000000522 =040 ##$$b Ind =090 ##$$a 547 $bKim $ck =100 ##$$a - =245 ##$$a Kimia Organik =260 ##$$a Bandung $b ITB $c1988 =300 ##$$a 617 hlm. $bIllus $c 25 cm. =650 ##$$a Kimia =850 ##$$a NBPDMAT =990 ##$$a 21008924 =990 ##$$a 91506/BPAP-NTB/2014 =990 ##$$a 92625/BPAP-NTB/2014 =990 ##$$a 0001/BPAP-NTB/20142014 =990 ##$$a 21602918/BPAP-NTB/2017